| 000 | 00440 a2200169 4500 | ||
|---|---|---|---|
| 001 | 116206 | ||
| 020 | _a400891285140 | ||
| 041 | _aeng | ||
| 090 | _aToy If you give a mouse a cookie | ||
| 245 | 1 | 0 | _aIf you give a mouse a cookie plush doll |
| 697 | _aPlush toys | ||
| 856 | _u000001/00000178.jpg | ||
| 040 |
_aBR-BrIDEA _cBR-BrIDEA |
||
| 260 |
_aMenomonee, WI _bKohls _c2004 |
||
| 300 |
_a1 ratinho de pelĂșcia _bColorido |
||
| 942 | _cMX | ||
| 999 |
_c116206 _d116206 |
||